000 00290nam a22001337a 4500
008 170207b xxu||||| |||| 00| 0 eng d
020 _a0815185189
041 _aeng
080 _a61
100 _a4
101 _aSHM
245 _aMAGNETIC RESONANCE IMAGING
_cDAVID STARK
942 _2udc
_cBK
999 _c4849
_d4849